Länder, die mit A beginnen - Karten-Quiz - Statistiken

Allgemein
  • Dieses Quiz wurde 405 mal gespielt
  • Das Durchschnittsergebnis liegt bei 12 aus 13
Antworten auf der Karte
Die Antworten werden auf der Karte rot bzw. grün angezeigt, abhängig davon wie oft sie richtig erraten wurden.
 
Antwortstatistiken
Land % Korrekt
Argentinien
99%
Australien
99%
Ägypten
98%
Andorra
97%
Algerien
96%
Albanien
93%
Angola
93%
Afghanistan
92%
Armenien
92%
Aserbaidschan
92%
Äthiopien
88%
Antigua und Barbuda
75%
Äquatorialguinea
73%
Keine übereinstimmenden Quizze gefunden
Verteilung der Resultate
Anzahl Personen mit jedem Resultat
Perzentil nach korrekt beantworteten Fragen
Ihre Resultats-Entwicklung
Sie haben dieses Quiz noch nicht gespielt